Statistics for Naruto general knowledge quiz

Click here to take the quiz!

General Stats

  • This quiz has been taken 464 times
  • The average score is 9 of 11

Answer Stats

Answer% Correct
Sasuke's older brotherItachi
98%
Naruto's last nameUzumaki
97%
Naruto's wifeHinata
97%
Naruto's sonBoruto
97%
Visual prowess of the UchihaSharingan
92%
1st HokageHashirama senju
90%
NinetalesKurama
88%
5 kazegkageGaara
86%
Visual prowess of the Hyuga clanByakugan
86%
Physical shinobi combatTaijutsu
58%
The three legendary SaninTsunade, Orochimaru, Jiraiya
26%

Score Distribution

Percentile by Number Answered

Percent of People with Each Score

Your Score History

You have not taken this quiz